Železnica Just in time zvládne, ale...

Nárast cestnej dopravy na úkor železničnej v rámci celej Európy. Potreba zabezpečiť dopravu Just in time. Výmena rušňov na hraniciach - brzda železničnej dopravy. Presný čas doručenia dodávky. Hľadanie riešení, ako preniesť tovarové úbytky naspäť na železnicu. Najdrahšia železničná preprava v rámci...

ver descrição completa

Na minha lista:
Detalhes bibliográficos
Autor principal: Brezovský, Jozef
Formato: Capítulo de Livro
Idioma:eslovaco
Assuntos:
Tags: Adicionar Tag
Sem tags, seja o primeiro a adicionar uma tag!

MARC

LEADER 00000naa$a2200000$$$4500
001 0088265
005 20231011071756.4
041 0 |a slo 
044 |a CZ 
245 1 0 |a Železnica Just in time zvládne, ale...  |c Jozef Brezovský 
520 |a Nárast cestnej dopravy na úkor železničnej v rámci celej Európy. Potreba zabezpečiť dopravu Just in time. Výmena rušňov na hraniciach - brzda železničnej dopravy. Presný čas doručenia dodávky. Hľadanie riešení, ako preniesť tovarové úbytky naspäť na železnicu. Najdrahšia železničná preprava v rámci Európy je na Slovensku. 
610 2 0 |a doprava železničná nákladná 
610 2 0 |a doprava cestná nákladná 
610 2 0 |a tovar 
610 2 0 |a hranice štátne 
610 2 0 |a ceny 
610 2 0 |a Európa 
610 2 0 |a Slovensko 
100 1 |a Brezovský, Jozef